Nguyên lý về chọn lọc và nhân giống gia súc
محفوظ في:
| المؤلف الرئيسي: | |
|---|---|
| التنسيق: | كتاب |
| اللغة: | Undetermined |
| منشور في: |
Hà nội
KHKT
1967
|
| الموضوعات: | |
| الوسوم: |
إضافة وسم
لا توجد وسوم, كن أول من يضع وسما على هذه التسجيلة!
|
| Thư viện lưu trữ: | Trung tâm Học liệu Trường Đại học Cần Thơ |
|---|
| LEADER | 00639nam a2200181Ia 4500 | ||
|---|---|---|---|
| 001 | CTU_13669 | ||
| 008 | 210402s9999 xx 000 0 und d | ||
| 082 | |a 636.082 | ||
| 082 | |b B726 | ||
| 100 | |a Boritchenko | ||
| 245 | 0 | |a Nguyên lý về chọn lọc và nhân giống gia súc | |
| 245 | 0 | |c Boritchenko, Trần Doãn Hối, Đinh Kim Oanh | |
| 260 | |a Hà nội | ||
| 260 | |b KHKT | ||
| 260 | |c 1967 | ||
| 650 | |a animal breeding,animal culture,animal genetics,heredity | ||
| 904 | |i Mai sửa từ 636.0821/ B735 thành 636.082/B726 chưa in nhãn | ||
| 980 | |a Trung tâm Học liệu Trường Đại học Cần Thơ | ||